000 00693nam a2200289Ia 4500
005 20260324141354.0
008 008 260324s9999 xx 000 0 eng d
020 _a9780203306345
037 _aEBOOK
040 _aCRL
040 _beng
040 _cCRL
041 _2eng
041 _aeng
084 _qCRL
100 _aKe-wen Wang; CRSN Staff
_91207942
245 0 _aModern China
245 3 _bAn Encyclopedia of History, Culture, and Nationalism
260 _bTaylor and Francis
260 _c1997
365 _a
365 _b340
856 _uhttp://www.taylorfrancis.com/books/9780203306345
942 _cEBOOK
999 _c1810967
_d1810967